| 000 | 02272cam a22005534i 4500 | ||
|---|---|---|---|
| 003 | PE-LiUPU | ||
| 005 | 20250731180112.0 | ||
| 008 | 171102s2005 mx a rb 000 0 spa d | ||
| 020 | _a9789701509777 | ||
| 035 | _a(Sirsi) a239942 | ||
| 040 |
_aPE-LiUPU _bspa _cPE-LiUPU _erda |
||
| 049 | _aPRUA | ||
| 082 | 0 | 4 |
_a519.4 _bG22 _220 |
| 245 | 1 | 0 |
_aMétodos numéricos con mathematica / _cL.M. García Raffi . |
| 250 | _aPrimera edición. | ||
| 264 | 1 |
_aMéxico : _bAlfaomega, _c2005. |
|
| 300 |
_a263 páginas : _bilustraciones ; _c23 centímetros. |
||
| 336 |
_atext _2rdacontent |
||
| 337 |
_aunmediated _2rdamedia |
||
| 338 |
_avolume _2rdacarrier |
||
| 504 | _aBibliografía al final de cada capítulo. | ||
| 505 | 0 | _aIniciándose en mathematica -- Aritmética básica -- Gráficos en mathematica -- Vectores y matrices -- Interpolación -- El método de los mínimos cuadrados -- Solución de ecuaciones no lineales -- Integración -- Estudio de funciones reales de varias variables. optimización -- Derivación numérica y resolución numérica de ecuaciones diferenciales ordinarias -- Temas de ampliación -- Sistemas de ecuaciones no lineales -- Simulación y métodos monte carlo -- Resolución numérica de problemas con valor en la frontera para EC. diferenciales ordinarias --Integración numérica II. | |
| 526 | _aSEG44 | ||
| 526 | _aSEG26 | ||
| 526 | _aP159 | ||
| 526 | _aP155 | ||
| 526 | _aP154 | ||
| 526 | _aP153 | ||
| 526 | _aP150 | ||
| 526 | _aP100 | ||
| 526 | _aP31 | ||
| 526 | _aP30 | ||
| 526 | _aP26 | ||
| 526 | _aP25 | ||
| 526 | _aP24 | ||
| 526 | _aP22 | ||
| 526 | _aP15 | ||
| 526 | _aP10 | ||
| 526 | 8 |
_iPrograma académico : _5PE-LIPU |
|
| 541 | _g0001-42198; | ||
| 650 | 0 | 4 | _aMétodos con mathematica. |
| 650 | 0 | 4 | _aMethods with mathematica. |
| 700 | 1 |
_aGarcía Raffi, L. M. , _eautor. |
|
| 910 |
_adbm _bksl _cksl _d20171102 |
||
| 942 |
_2ddc _cBOOK |
||
| 994 |
_aC0 _bPEPRU |
||
| 596 | _a1 | ||
| 999 |
_a519.4 G22 _wLC _c25596 _i76751 _d25596 _e2019-4-9 _f2021-11-9 _g5 _lCCODEBUL1 _mBUL _n1 _p22.48 _q2 _r0 _sY _tBOOK _u2017-11-2 _xINGENIERIA _PP25 _0COMPRA _o.STAFF. Colección Ingeniería y Arquitectura |
||
| 980 |
_81 _gALBERTO SANCHEZ Responsable de Automatización |
||